000 00379nam a2200145Ia 4500
008 240624s9999 xx 000 0 und d
041 _aeng
082 _a658.4012 GRA
100 _aGRANT ROBERT M
245 _aCONTEMPORARY STRATEGY ANALYSIS
250 _a(5th ed.)
260 _c2005
_aAustralia
_bBlackwell Publishing
300 _axii, : 548 : p. : cm. ; 24
365 _c
_b30
999 _c16298
_d16298